00493nam a22001577a 450000500170000000800410001702000180005804100130007608200150008910000370010424500740014125000200021526000440023530000310027965000250031020231121070549.0231121b |||||||| |||| 00| 0 eng d a9780409078879 aEnglish  a343.4 PRA  aClegg, D and Kotze, C lEnglish  aLexisNexis Practical Guide to Tax in Namibia / cD Clegg and C Kotze  aEighth Edition  aDurban : bLexisNexis (Pty) Ltd, c2012 bxvi, 205 pages ; c22 cm.  aLegal practice bLaw